घटता जलःकारण और निवारण / (Record no. 62592)

MARC details
000 -LEADER
fixed length control field 03768nam a22003497a 4500
005 - DATE AND TIME OF LATEST TRANSACTION
control field 20120213111141.0
010 ## - LCCN (DPL NO)
LC control number B-476166-176
020 ## - INTERNATIONAL STANDARD BOOK NUMBER
Terms of availability 250.00
International Standard Book Number 9788190557474
035 ## - SYSTEM CONTROL NUMBER
System control number B-476166-176
037 ## - SOURCE OF ACQUISITION
Source of stock number/acquisition ब्लूबेरी बुक्स
082 ## - DEWEY DECIMAL CLASSIFICATION NUMBER
Classification number 333.9116
100 ## - MAIN ENTRY--PERSONAL NAME
Personal name भाटिया, सुदर्शन
245 ## - TITLE STATEMENT
Title घटता जलःकारण और निवारण /
Statement of responsibility, etc सुदर्शन भाटिया
260 ## - PUBLICATION, DISTRIBUTION, ETC. (IMPRINT)
Place of publication, distribution, etc नई दिल्ली
Name of publisher, distributor, etc संस्कार साहित्य
Date of publication, distribution, etc 2011
270 ## - ADDRESS
Address 52/45, प्रथम तल, रवि नगर
City नई दिल्ली
Postal code 110018
300 ## - PHYSICAL DESCRIPTION
Extent 144पृ.
Dimensions 22सेमी (सजिल्द)
700 ## - ADDED ENTRY--PERSONAL NAME
9 (RLIN) 41659
942 ## - ADDED ENTRY ELEMENTS (KOHA)
Source of classification or shelving scheme Dewey Decimal Classification
Item type Children Books
Call number suffix भाटिया
Classification part 333.9116
Holdings
Withdrawn status Lost status Not for loan Home library Current library Date acquired Cost, normal purchase price Full call number Cost, replacement price Koha item type Collection code Source of acquisition Barcode Copy number
    Ordered Andrews Gunj Andrews Gunj 13/02/2012 250.00 भाटिया 250.00 Children Books        
      Bagh Kadhe Khan Bagh Kadhe Khan 11/09/2012 250.00 333.9116 भाटिया 250.00 Children Books Non-fiction ब्लूबेरी बुक्स/IN8256/29.03.12/43/20.03.12/30.03.12 B-476174 1
      Bawana Bawana 11/09/2012 250.00 333.9116 भाटिया 250.00 Children Books Non-fiction ब्लूबेरी बुक्स/IN8256/29.03.12/43/20.03.12/30.03.12 B-476172 1
      Bawana Bawana 11/09/2012 250.00 333.9116 भाटिया 250.00 Children Books Non-fiction ब्लूबेरी बुक्स/IN8256/29.03.12/43/20.03.12/30.03.12 B-476176 1
      Central Jail Tihar Central Jail Tihar 11/09/2012 250.00 333.9116 भाटिया 250.00 Children Books Non-fiction ब्लूबेरी बुक्स/IN8256/29.03.12/43/20.03.12/30.03.12 B-476170 1
      Janak Puri Janak Puri 11/09/2012 250.00 333.9116 भाटिया 250.00 Children Books Non-fiction ब्लूबेरी बुक्स/IN8256/29.03.12/43/20.03.12/30.03.12 B-476171 1
      Kasturba Gandhi Marg Kasturba Gandhi Marg 11/09/2012 250.00 333.9116 भाटिया 250.00 Children Books Non-fiction ब्लूबेरी बुक्स/IN8256/29.03.12/43/20.03.12/30.03.12 B-476167 1
      Narela Narela 11/09/2012 250.00 333.9116 भाटिया 250.00 Children Books Non-fiction ब्लूबेरी बुक्स/IN8256/29.03.12/43/20.03.12/30.03.12 B-476175 1
      New Rohtak Road New Rohtak Road 11/09/2012 250.00 333.9116 भाटिया 250.00 Children Books Non-fiction ब्लूबेरी बुक्स/IN8256/29.03.12/43/20.03.12/30.03.12 B-476173 1
      Patel Nagar Patel Nagar 11/09/2012 250.00 333.9116 भाटिया 250.00 Children Books Non-fiction ब्लूबेरी बुक्स/IN8256/29.03.12/43/20.03.12/30.03.12 B-476166 1
      Peshwa Road Peshwa Road 11/09/2012 250.00 333.9116 भाटिया 250.00 Children Books Non-fiction ब्लूबेरी बुक्स/IN8256/29.03.12/43/20.03.12/30.03.12 B-476168 1
      Tri Nagar Tri Nagar 11/09/2012 250.00 333.9116 भाटिया 250.00 Children Books Non-fiction ब्लूबेरी बुक्स/IN8256/29.03.12/43/20.03.12/30.03.12 B-476169 1

© Delhi Public Library
Hit Counter
free hit counter